| 000 | 00638cam a2200193 4500500 | ||
|---|---|---|---|
| 005 | 20260111080208.0 | ||
| 041 | _afre | ||
| 042 | _adc | ||
| 100 | 1 | 0 |
_aBarilari, André _eauthor |
| 245 | 0 | 0 | _aLa « monnaie fiscale » Expédient ou solution pour la dette ? |
| 260 | _c2017. | ||
| 500 | _a50 | ||
| 690 | _aArgentine | ||
| 690 | _adette publique | ||
| 690 | _afinances publiques | ||
| 690 | _amonnaie fiscale | ||
| 786 | 0 | _nGestion & Finances Publiques | 5 | 5 | 2017-05-30 | p. 12-15 | 1969-1009 | |
| 856 | 4 | 1 | _uhttps://droit.cairn.info/revue-gestion-et-finances-publiques-2017-5-page-12?lang=fr&redirect-ssocas=7080 |
| 999 |
_c1616005 _d1616005 |
||